| 000 | 00749nam a22001817a 4500 | ||
|---|---|---|---|
| 999 |
_c3206 _d3206 |
||
| 003 | OSt | ||
| 005 | 20231107093354.0 | ||
| 008 | 231107b ||||| |||| 00| 0 eng d | ||
| 020 | _a9789386869371 | ||
| 040 | _cKH8 | ||
| 082 | _a400 ORW | ||
| 100 |
_aOrwell, George, _eauthor. |
||
| 245 |
_aAnimal Farm / _cGeorge Orwell. |
||
| 260 |
_aMumbai ; _bWilco Publishing House, _c2018. |
||
| 300 |
_a90 pages : _c13cm x 19.8cm. |
||
| 520 | _a"All animals are equal. But some animals are more equal than others." Animal Farm is an allegorical novella by George Orwel, first published in England on 17 August 1945. The book reflects events leading up to the Russian Revolution of 1917 and then on into the Stalinist era of the Soviet Union. | ||
| 942 |
_2ddc _cTR |
||